00431nam a22001217a 450000500170000000800410001702000180005810000250007624501320010126000490023330000110028250000160029320260108094158.0260108b |||||||| |||| 00| 0 eng d a0789788554240 aGodwin Ndubuisi kanu aThemes and Methods in Defense and Security studies:bEssays in honour of Rear Admiral Godwin Ndubuisi Kanu/cEmegha Ndubuisi,K. aAwka-NIGERIA.bFAB EDUCATIONAL BOOKS,c20222 c22.8cm akku library